Modern intellectual history MIH.

Bibliographic Details
Format: Electronic Journal
Language:English
Published: Cambridge [England] ; [New York] : Cambridge University Press, 2004-
Subjects:
Online Access:Full text available from Research Library: 04/01/2004 to 1 year ago

MARC

LEADER 00000nas a2200000 a 4500
001 ssj0029206
003 WaSeSS
005 20200512172242.0
006 m d
007 cr n
008 040405c20049999enktr pss 0 a0eng c
010 |a  2004249042 
015 |a GBB2C1555  |2 bnb 
016 7 |a 2168932-5  |2 DE-600 
016 7 |a 012916555  |2 Uk 
022 |a 1479-2451  |l 1479-2443  |y 1479-2443 
035 |a (WaSeSS)ssj0029206 
040 |a OUN  |b eng  |c OUN  |d OCLCQ  |d ZYU  |d OCL  |d OCLCQ  |d DLC  |d OCL  |d OCLCS  |d OCLCQ  |d HEBIS  |d OCLCQ  |d OCLCF  |d VT2  |d OCLCQ  |d NLE  |d NTG  |d AU@  |d UKMGB  |d WaSeSS 
042 |a pcc 
050 1 4 |a CB357  |b .M62 
082 0 4 |a 909 
130 0 |a Modern intellectual history (Online) 
245 1 0 |a Modern intellectual history  |h [electronic resource] :  |b MIH. 
246 3 0 |a MIH 
260 |a Cambridge [England] ;  |a [New York] :  |b Cambridge University Press,  |c 2004- 
310 |a Three issues yearly 
362 0 |a Vol. 1, issue 1 (Apr. 2004)- 
500 |a Title from table of contents screen (Cambridge, viewed June 15, 2004). 
506 |a License restrictions may limit access. 
538 |a Mode of access: World Wide Web. 
650 0 |a Intellectual life  |x History  |v Periodicals. 
650 7 |a Intellectual life.  |2 fast  |0 (OCoLC)fst00975769 
655 0 |a Electronic journals. 
776 0 8 |i Print version:  |t Modern intellectual history  |x 1479-2443  |w (DLC) 2004234140  |w (OCoLC)55117326 
856 4 0 |z Full text available from Research Library: 04/01/2004 to 1 year ago  |u https://search.proquest.com/publication/29068